| 000 | 01113nam0a2200325 4500 | ||
|---|---|---|---|
| 001 | RU\NLR\bibl\1018720 | ||
| 005 | 20260408192000.0 | ||
| 010 |
_a5-209-01887-3 _9500 |
||
| 021 |
_aRU _b2006-69096 _93475 |
||
| 035 | _a(NLR Aleph) 001006269 | ||
| 090 |
_a610083 _c610083 |
||
| 100 | _a20061208d2006 |||y0rusy50 ca | ||
| 101 | 0 | _arus | |
| 102 | _aRU | ||
| 105 | _ay ||||||||| | ||
| 200 | 1 |
_aКонсерваторы XX века _fА. М. Руткевич |
|
| 210 |
_aМосква _cИзд-во Российского университета дружбы народов _d2006 |
||
| 215 |
_a179, [1] с. _d22 |
||
| 320 | _aБиблиогр. в подстроч. примеч. | ||
| 606 |
_aКонсерватизм _xИстория _3RU\NLR\auth\661287840 _92135655 |
||
| 686 | _aФ.в | ||
| 686 | _aЮ0в01 | ||
| 686 | _aТ3(0)6-484 | ||
| 700 | 1 |
_4070 _8rus _7ca _aРуткевич _bА. М. _f1952- _gАлексей Михайлович _3RU\NLR\AUTH\773156 _9113162 |
|
| 801 | 0 |
_aRU _bNLR _c20061208 _grcr |
|
| 801 | 1 |
_aRU _bNLR _c20061208 |
|
| 942 | _cBOOK | ||
| 980 | _aNB | ||